01048cam a22002651 4500001001300000003000400013005001700017008004100034010001700075035001900092040003100111042001200142050002200154086001600176100004800192245014100240260005900381300007200440410005600512500005000568504003000618650005400648700006300702999001700765gs 63000162 DLC20260227111412.0761028s1962 dcuabd b f000 0 eng  ags 63000162  a(OCoLC)2537212 aDLCcOClUdISSdOCoLCdDLC apremarc00aQE75b.P9 no. 3760 aI 19.16:3761 aBuddington, A. F.q(Arthur Francis),d1890-10aRegional geology of the St. Lawrence County magnetite district, northwest Adirondacks, New York,cby A. F. Buddington and B. F. Leonard. aWashington,bU.S. Govt. Print. Off.,c1962 [i.e. 1961] a145 p.billus., maps (part col.) diagrs., profiles, tables.c29 cm.20aGeological Survey (U.S.).tProfessional paper,v376 aPart of illustrative matter folded in pocket. aBibliography: p. 136-138. 0aGeologyzNew York (State)zSaint Lawrence County.1 aLeonard, B. F.q(Benjamin Franklin),d1921-ejoint author. c29682d29682